000
00287 a2200145 4500
001
58275
020
_a
040
_c
Anchieta - Pituba
100
_a
Tessa
240
1
0
_a
Poemas de Tessa
_l
por
245
1
0
_a
Poemas de Tessa
300
_a
650
4
_a
Poesia brasileira
942
_c
BK
999
_c
58275
_d
58275